A midsummer night's dream
Shranjeno v:
| Glavni avtor: | |
|---|---|
| Format: | Knjiga |
| Jezik: | angleščina |
| Izdano: |
Londres
Longmans
1961
|
| Serija: | New Swan Shakespeare
|
| Teme: | |
| Oznake: |
Označite
Brez oznak, prvi označite!
|
MARC
| LEADER | 00000nam a2200000 a 4500 | ||
|---|---|---|---|
| 001 | UCX5173 | ||
| 003 | CL-VaPUC | ||
| 008 | 921001e19610000UK |||||||||||||||||eng|d | ||
| 082 | 0 | 4 | |a 822 |b SHA |2 21 |
| 100 | |a Shakespeare, William |e author |9 265757 | ||
| 245 | 1 | 2 | |a A midsummer night's dream |
| 300 | |a 205 p | ||
| 942 | |c BK | ||
| 945 | |d 19921001 00:00:00 | ||
| 260 | |a Londres |b Longmans |c 1961 | ||
| 650 | 0 | |a Dramas ingleses |9 269396 | |
| 583 | |a last modification |c 19921001 00:00:00 |k Rodrigo Vera | ||
| 490 | 0 | |a New Swan Shakespeare | |
| 999 | |c 225486 |d 225484 | ||
| 952 | |0 0 |1 0 |4 0 |6 822_000000000000000_SHA_1961 |7 0 |8 A |9 223043 |a BIBEDU |b BIBEDU |d 2019-11-15 |i 2918803 |l 5 |m 4 |o 822 SHA 1961 |p 2918803 |r 2022-11-16 |s 2022-10-24 |w 2019-11-15 |y BK |k LIT | ||